000 00660cam a22002534a 4500
003 UPN
005 20220908165012.0
008 090213s2006 mx r 000 f spa d
020 _a9685353719
035 _aUPN01000169251
040 _aUPN
_bspa
_cUPN
049 _aCG
050 4 _aPQ8519 I22
_bU47
100 1 _aIbargoyen Islas, Saúl,
_d1930-2019
_933816
245 1 3 _aLa última copa.
250 _aPrimera edición
260 _aMéxico :
_bEón,
_c2006.
300 _a129 páginas
490 0 _aDías de vino y rosas ;
_v1
650 4 _aNovela uruguaya
_95074
905 _aLibro
942 _2lcc
_cLIBRO
999 _c141357
_d141357